| 000 | 00456nam a2200133Ia 4500 | ||
|---|---|---|---|
| 008 | 220620s9999||||xx |||||||||||||| ||und|| | ||
| 020 | _a9781910000000 | ||
| 100 | _aBack, Les | ||
| 245 | 0 |
_aAcademic Diary _bOr Why Higher Education Still Matters |
|
| 546 | _aEnglish[eng] | ||
| 650 | _aHigher and further education, tertiary education||Educational strategies and policy||Biography: general | ||
| 856 | _uhttp://mitpress.mit.edu/9781906897581 | ||
| 942 | _cEB | ||
| 999 |
_c27729 _d27729 |
||